| 000 | 00740nam a22001817a 4500 | ||
|---|---|---|---|
| 999 |
_c14978 _d14978 |
||
| 003 | OSt | ||
| 082 | _2631.3 AKH/OP | ||
| 088 | _aP 242 | ||
| 100 |
_aAKHIL P. SEBASTIAN _aLEKSHMI A.V _aNIMISH K.C _93832 |
||
| 245 | _aOptimized micro grids integrated with renewable energy sources for rural households | ||
| 260 |
_aTavanur 2012 _bDEPARTMENT OF FARM POWER, MACHINERY AND ENERGY |
||
| 300 | _a50 | ||
| 500 | _aOptimized micro grids integrated with renewable energy sources for rural households | ||
| 520 | _aOptimized micro grids integrated with renewable energy sources for rural households | ||
| 700 |
_aDr. Geetha Susan Philip (Guide) _93407 |
||
| 856 | _uhttps://drive.google.com/open?id=1fLj52_ka1rGaIP1Nw49ZVDBwhfGYKqsx | ||
| 942 | _cPR | ||